00316pab a2200121 454500008004000000100001900040245005500059260000900114300001300123362001100136650001300147773003400160180718b2014 xxu||||| |||| 00| 0 eng d aBhardwaj, Atul aAircraft carriers do not offer a strategic panacea c2014 ap.11-13. a18 May aAircraft aEconomic and Political Weekly